000 00669nam a2200217Ii 4500
003 JO-AjNU
008 230606s9999||||xx |||||||||||||| ||und||
020 _a0-273-60727-8
040 _aJO-AjNU
_beng
_erda
_cJO-AjNU
041 _aeng
050 1 4 _aHF5686.C7.M398 1994
100 3 _aMckenzie,Wendy,
_eauthor
_93311
245 0 4 _aThe Financial Times Guide To Using and Interpreting Company Accounts
250 _a1 ed
264 3 1 _aLondon: Financial Times,1994
300 _a279p
_b Includes indexes(p275-279)
336 _atext
_btxt
_2rdacontent
337 _aunmediated
_bn
_2rdamedia
338 _avolume
_bnc
_2rdacarrier
650 4 _aCompany Accounts
_93312
999 _aE1731
_c1731
_d1731